Proyecto WAPI - PCH Salto Mollejones

Presenta un estudio de factibilidad económica, técnica y operativa de la planta hidroeléctrica proyecto Wapi PCH salto Mollejones contiene, determinación de los alcances de construcción de las obras eléctricas, civiles y electromecánica del proyecto del Wapi PCH salto Mollejones y explica los...

Full description

Bibliographic Details
Main Author: Vilchez Sánchez, Alexander Octavio
Other Authors: Tutor: Arcia Salmerón, José Manuel
Format: Tesis Section = Libro
Language:Undetermined
Spanish
Published: Managua UNI 2007
Subjects:
LEADER 01192nam a2200229Ia 4500
008 240830s9999 xx 000 0 und d
040 |a BIBLIOTECA-RUSB/ Mon 658.26 V699 
041 |a spa 
082 |a Mon 658.26 V699 
100 1 |a Vilchez Sánchez, Alexander Octavio 
245 1 0 |a Proyecto WAPI - PCH Salto Mollejones 
260 |a Managua  |b UNI  |c 2007 
300 |a 90 p. :il. 
502 |a Tesis (Ingeniero Eléctrico) - UNI, 2007. 
520 3 |a Presenta un estudio de factibilidad económica, técnica y operativa de la planta hidroeléctrica proyecto Wapi PCH salto Mollejones contiene, determinación de los alcances de construcción de las obras eléctricas, civiles y electromecánica del proyecto del Wapi PCH salto Mollejones y explica los procesos y trámites que se realizaron con empresas privadas e institucionales del estado para lograr todos los elementos que convertirán a la empresa HISMOW S.A en agente del mercado eléctrico. 
650 7 |a ADMINISTRACION DE PROYECTO - ELECTRIFICACION 
650 7 |b  ELECTRIFICACION RURAL 
650 7 |c  EMPRESAS ELECTRICAS 
700 1 |a Tutor:  |b Arcia Salmerón, José Manuel 
942 |c BK  |2 ddc 
991 |a TESIS 
999 |c 20593